[Event "Winter 2018 CCCSA-GM B"]
[Site "Charlotte"]
[Date "2018.01.13"]
[Round "4"]
[White "Kadric, Denis"]
[Black "Gorovets, Andrey"]
[Result "1-0"]
[WhiteElo "2502"]
[BlackElo "2517"]
[Annotator "TA"]
[PlyCount "53"]
[EventDate "2018.01.11"]
[EventType "tourn"]
[EventCountry "USA"]
[SourceTitle "playchess.com"]
[Source "ChessBase"]
[SourceQuality "1"]

{[%evp 12,53,29,30,37,31,41,23,37,13,29,20,29,21,32,5,21,0,31,33,39,20,78,39,49,30,34,15,25,25,31,8,216,207,210,216,186,186,287,285,282,292,287,290]} 1. e4 c5 2. Nc3 a6 3. Nf3 {[%cal Bg1f3,Bf3d4,Bd4b3][%mdl 32]} e6 4. d4 cxd4 5. Nxd4 Qc7 6. Bd3 Bd6 7. Qd2 {LiveBook: 7 Partien. B43: Sizilianisch (Paulsen-Variante)} (7. Nde2 Nf6 8. f4 e5 9. O-O Bc5+ 10. Kh1 d6 11. Ng3 Be6 12. f5 Bd7 13. Nh5 Nxh5 14. Nd5 Ng3+ 15. hxg3 {1-0 (38) Gashimov,V (2733)-Gajewski,G (2555) Warsaw 2010}) 7... Bc5 $146 ({Vorgänger:} 7... Nc6 8. Nb3 Be7 9. Qe2 Nf6 10. O-O d6 11. f4 O-O 12. Bd2 b6 13. Rae1 Bb7 14. e5 dxe5 15. fxe5 Nd7 16. Bf4 g6 17. Nd2 Nd4 18. Qg4 Nf5 19. Nde4 Nxe5 20. Qh3 {1-0 (59) Fier,A (2590)-Stripunsky,A (2556) ICC INT 2009}) 8. Nb3 Be7 9. Qf4 {Weiß steht etwas besser.} d6 $1 10. Qg3 Nf6 11. O-O O-O 12. Bh6 {[%csl Gh6][%cal Rg3g7]} Ne8 $1 13. f4 Nc6 14. Rae1 Kh8 15. Bg5 Bxg5 16. Qxg5 Qe7 (16... b5 $11) 17. Qg3 (17. Qxe7 {keeps more tension.} Nxe7 18. e5 b6 19. g3 Bd7 20. Rd1) 17... Nb4 18. e5 $36 {[%mdl 2048] Schwarz steht unter Druck.} Nxd3 19. cxd3 Bd7 20. d4 dxe5 21. fxe5 Rd8 $2 (21... Nc7 $11) 22. d5 $1 $18 {[%cal Rd5d6]} exd5 23. Nxd5 Qe6 24. Qh4 $1 {[%cal Rh4d8]} Nc7 (24... g5 {ist wohl besser.} 25. Qxg5 Rc8) 25. Nxc7 {Weiß hat entscheidenden Vorteil.} Qb6+ {[#]} 26. Qf2 $1 {[%cal Rf2b6]} Qxc7 {[#]} 27. e6 $1 {[%mdl 512] Precision: Weiß = 61%, Schwarz = 58%.} 1-0

[Event "Winter 2018 CCCSA-GM B"]
[Site "Charlotte"]
[Date "2018.01.11"]
[Round "4"]
[White "Ostrovskiy, Aleksandr"]
[Black "Jacobson, Brandon"]
[Result "1-0"]
[WhiteElo "2391"]
[BlackElo "2376"]
[Annotator "ChessBase"]
[PlyCount "107"]
[EventDate "2018.01.11"]
[EventType "tourn"]
[EventCountry "USA"]
[SourceTitle "playchess.com"]
[Source "ChessBase"]
[SourceQuality "1"]
[TimeControl "5400+30"]

1. e4 c5 2. Nf3 e6 3. d4 cxd4 4. Nxd4 Nc6 5. Nc3 Qc7 6. Qd3 Nf6 7. Ndb5 Qb8 8. Qg3 d6 9. Be3 a6 10. Nd4 Bd7 11. O-O-O b5 12. Nxc6 Bxc6 13. f3 Nd7 14. Kb1 Ne5 15. Bd4 b4 16. Ne2 a5 17. Nc1 a4 18. Be2 b3 19. axb3 axb3 20. Nxb3 Ba4 21. Nc1 Nc6 22. Bc3 Nb4 23. b3 Bc6 24. Rd4 d5 25. Qxb8+ Rxb8 26. exd5 Nxd5 27. Bb2 Ne3 28. g3 Bc5 29. Rd3 Nd5 30. Bxg7 Rg8 31. Be5 Ra8 32. Rhd1 h5 33. Na2 h4 34. c4 Ne3 35. Rc1 hxg3 36. hxg3 Ke7 37. b4 Ba7 38. b5 Bb7 39. Bd6+ Kf6 40. g4 Rg5 41. Bf4 Re5 42. Bxe5+ Kxe5 43. c5 Nd5 44. b6 Bb8 45. Rb3 Ne7 46. Nb4 Ra4 47. c6 Rxb4 48. Rxb4 Nxc6 49. Re4+ Kd6 50. Ra4 Nd8 51. Rd4+ Ke7 52. Bb5 Bd5 53. Rc7+ Kf6 54. Rxd5 1-0

[Event "Winter 2018 CCCSA-GM B"]
[Site "Charlotte"]
[Date "2018.01.13"]
[Round "4"]
[White "Tiglon, Bryce"]
[Black "Zierk, Steven"]
[Result "1/2-1/2"]
[WhiteElo "2385"]
[BlackElo "2494"]
[Annotator "TA"]
[PlyCount "112"]
[EventDate "2018.01.11"]
[EventType "tourn"]
[EventCountry "USA"]
[SourceTitle "playchess.com"]
[Source "ChessBase"]
[SourceQuality "1"]

{[%evp 18,112,0,0,0,0,6,0,3,0,2,0,0,0,14,17,8,10,17,0,0,0,22,6,1,6,14,0,8,0,25,23,27,21,35,10,18,0,54,0,19,0,33,3,31,26,21,16,40,28,34,33,38,6,44,37,29,21,32,11,11,5,10,8,6,2,26,6,7,7,11,0,0,0,8,0,0,0,0,0,0,0,0,0,0,0,14,8,8,8,11,16,70,8,134,108,109]} 1. e4 e6 2. d4 d5 3. Nd2 c5 4. exd5 Qxd5 5. dxc5 Nf6 (5... Bxc5 6. Ngf3 Nf6 7. Bc4 Qc6 8. Qe2 O-O 9. Nb3 Nbd7 10. Bf4 Bd6 11. Nbd4 Qb6 12. Bxd6 Qxd6 13. O-O-O Qf4+ 14. Kb1 Nb6 15. Bb3 {0-1 (28) Naiditsch,A (2705)-Le,Q (2737) Riadh 2017}) 6. Ngf3 {C07: Französische Verteidigung (Tarrasch-Variante)} Qxc5 7. Bd3 Nbd7 8. Qe2 Qc7 9. O-O Nc5 10. Bb5+ {LiveBook: 7 Partien} Bd7 11. Bxd7+ Nfxd7 $146 ({Vorgänger:} 11... Ncxd7 12. Ne4 Be7 13. b3 {½-½ (58) Zakhartsov,V (2453)-Huzman,A (2557) Tallinn 2016}) 12. Ne4 Rc8 13. b3 Be7 14. Bb2 O-O 15. c4 Qf4 16. Nxc5 Nxc5 17. Rad1 Rfd8 18. Bd4 a6 19. Rfe1 h6 20. Rd2 (20. g3 {looks sharper.} Qf5 21. Ne5 h5 22. Kg2 Nd7 23. Nxd7 Rxd7 24. Bb6) 20... Qf5 21. h3 Nd7 {zielt auf ...Lb4 ab.} 22. Bc3 Nf8 23. Nd4 Qg6 24. Rd3 {[#] Tg3 ist eine echte Drohung.} Bd6 25. Red1 Bc7 26. Nf3 Qf5 27. Nd4 Qg5 (27... Qg6 $11) 28. Nf3 Qf5 29. Nd4 Qc5 (29... Qg5 {is interesting.}) 30. Qe4 Rd7 31. Nf3 {[%cal Bd4f3,Bf3e5,Be5d3][%mdl 32]} Rxd3 32. Rxd3 Qe7 33. Ne5 (33. b4 {seems wilder.} Rd8 34. Rxd8 Bxd8 35. c5 Qc7 36. Nd2) 33... Rd8 34. Rxd8 Bxd8 35. Qd4 f6 (35... Qc7 {feels hotter.} 36. Nd7 f6 37. Nc5 Be7 38. Nd3 Qc6) 36. Nd3 Bc7 37. Bb4 (37. Qe4 {keeps more tension.} b6 38. g3 Qa3 39. Qg4 Kf7 40. Qe2) 37... Qd7 38. Qxd7 (38. Qe4 {is more complex.} Bd6 39. Bc3 Kf7 40. a4 Ng6 41. g3) 38... Nxd7 $14 {[%mdl 4096] Endspiel KLS-KLS} 39. Kf1 Bb6 40. Bc3 Kf7 41. Ke2 Nb8 42. Ne1 e5 43. Nc2 Nc6 44. Bd2 Ke6 45. f3 Bc5 46. Kd3 f5 47. Bc3 g6 48. Bd2 h5 49. Bc1 Ne7 50. Bd2 Bg1 51. b4 f4 52. a4 {[%cal Ba2a4,Ba4a5][%mdl 32]} Nf5 53. b5 axb5 54. cxb5 g5 ({Lieber} 54... b6 $11) 55. Be1 ({Besser ist} 55. a5 $1 $14) 55... Bc5 {[#]} (55... b6 $11) 56. a5 $1 $16 Nd6 {Precision: Weiß = 44%, Schwarz = 55%.} 1/2-1/2

[Event "Winter 2018 CCCSA-GM B"]
[Site "Charlotte"]
[Date "2018.01.11"]
[Round "4"]
[White "Gauri, Shankar"]
[Black "Khamrakulov, Djurabek"]
[Result "0-1"]
[WhiteElo "2345"]
[BlackElo "2498"]
[Annotator "TA"]
[PlyCount "100"]
[EventDate "2018.01.11"]
[EventType "tourn"]
[EventCountry "USA"]
[SourceTitle "playchess.com"]
[Source "ChessBase"]
[SourceQuality "1"]

{[%evp 22,100,9,-9,3,0,0,12,12,-16,-4,-20,-12,-9,-12,-14,-5,-16,8,2,2,0,6,0,14,0,0,0,23,10,12,0,0,-31,0,0,0,-29,-27,-128,-136,-167,-156,-161,-158,-170,-161,-155,-172,-161,-162,-160,-127,-162,-158,-257,-240,-248,-237,-222,-162,-164,-170,-364,-335,-380,-386,-416,-387,-462,-429,-740,-732,-713,-691,-934,-915,-875,-866,-1024,-920]} 1. c4 e5 2. Nc3 Nf6 3. Nf3 Nc6 4. g3 d5 5. cxd5 Nxd5 6. Bg2 Nb6 7. O-O Be7 8. d3 O-O 9. Be3 Re8 10. Rc1 Bf8 11. Ne4 Nd4 12. Nc5 {LiveBook: 48 Games} g6 {A29: English Opening: Four Knights Variation with 4 g3} (12... a5 13. Bxd4 exd4 14. Nb3 g5 15. Qd2 g4 16. Nh4 Re5 17. Qf4 Qd6 18. e3 Rb5 19. Rxc7 Qxf4 20. exf4 {0-1 (28) Granda Zuniga,J (2648)-So,W (2794) Douglas 2016}) 13. Re1 c6 14. Bd2 {[#]} Nd5 $146 {The position is equal.} ({Predecessor:} 14... a5 15. e3 Nxf3+ 16. Bxf3 Nd5 17. a3 Qb6 18. Na4 Qa6 19. Qc2 Rd8 20. Be2 {1-0 (43) Ftacnik,L (2553)-Vallejo Pons,F (2679) Germany 2007}) 15. e3 Nxf3+ 16. Bxf3 b6 17. Ne4 Bb7 18. a3 Bg7 19. b4 Qd7 20. Qb3 Rad8 21. Red1 Qf5 22. Bg2 Rd7 23. Be1 Red8 24. a4 Ne7 25. Qc4 Nd5 26. h3 Qe6 27. Kh2 h6 (27... Nc7 {is interesting.} 28. Qc2 Qe7 29. Qc4 h6 30. g4 Nd5) 28. Nc3 Nc7 29. Qxe6 Nxe6 30. Bf1 (30. a5 $11) 30... c5 $36 {[%mdl 2048] Keeping White busy.} 31. b5 Bf3 {Threatens to win with ...c4.} 32. Be2 Bxe2 33. Nxe2 Rxd3 34. Rxd3 Rxd3 35. Nc3 f5 36. a5 Nc7 37. axb6 axb6 38. Na4 {[#]} (38. e4 $17) 38... Nd5 $1 $19 ({Not} 38... Nxb5 39. Nxb6 Bf8 40. Na4 $15) 39. Nb2 Rb3 40. Nc4 Kf7 41. Ra1 Ke6 42. Ra7 $2 {[#]} (42. Ra8 {was called for.}) 42... Bf6 43. Ra6 Rxb5 44. Ba5 Bd8 ({Less strong is} 44... Rxa5 45. Nxa5 Kd7 46. Nc4 $15) 45. f4 e4 {Black is clearly winning.} 46. Ra8 (46. Bd2 $142) 46... Bc7 47. Bd2 Rb3 48. g4 b5 49. Ra6+ Ke7 50. gxf5 gxf5 {Precision: White = 39%, Black = 65%.} 0-1

[Event "Winter 2018 CCCSA-GM B"]
[Site "Charlotte"]
[Date "2018.01.13"]
[Round "5"]
[White "Gorovets, Andrey"]
[Black "Ostrovskiy, Aleksandr"]
[Result "1-0"]
[WhiteElo "2517"]
[BlackElo "2391"]
[Annotator "TA"]
[PlyCount "69"]
[EventDate "2018.01.11"]
[EventType "tourn"]
[EventCountry "USA"]
[SourceTitle "playchess.com"]
[Source "ChessBase"]
[SourceQuality "1"]

{[%evp 13,69,27,38,37,56,37,59,30,34,16,55,57,52,56,100,100,100,106,98,105,86,89,93,102,121,124,192,103,101,111,127,133,229,228,170,0,298,302,437,420,439,441,437,420,419,417,362,325,371,376,477,485,453,170,455,442,897,883]} 1. d4 d5 2. c4 dxc4 3. Nf3 Nf6 4. e3 b5 5. a4 {[%cal Ba2a4,Ba4a5,Ba5a6][%mdl 32]} b4 6. Bxc4 {D25: Queen's Gambit Accepted: 4 e3: sidelines and 4...Bg4} e6 7. a5 (7. O-O Be7 8. Qe2 O-O 9. b3 Bb7 10. Bb2 Nbd7 11. Nbd2 c5 12. Rac1 Rc8 {½-½ (27) Bu,X (2730)-Inarkiev,E (2689) Riadh 2017}) 7... Be7 {LiveBook: 3 Games} 8. a6 {White is slightly better.} Nbd7 9. Nbd2 O-O 10. Qe2 c5 11. O-O Qc7 $146 ({Predecessor:} 11... Nb6 12. Bd3 cxd4 13. Nxd4 {1-0 (44) Popilski,G (2552)-Chandra,A (2491) Dallas 2016}) 12. Nb3 Nb6 13. Nxc5 Bxc5 14. dxc5 Qxc5 15. Bd3 e5 {And now ...e4 would win.} 16. e4 $1 Bg4 17. Be3 Qd6 {[#]} 18. Rfd1 $1 {[%cal Bf1d1,Bd1c1,Bc1c6][%mdl 32]} Rac8 19. h3 Be6 (19... Bh5 $16 {might work better.}) 20. Bxb6 (20. Qe1 $18) 20... Qxb6 $16 21. Nxe5 Bb3 22. Rdc1 Rce8 {[#]} (22... Rc5 $16) 23. Rc6 $1 $18 {[%cal Rc6b6]} Qd8 24. Nf3 $2 (24. f4 $18) 24... Qd7 $2 {[%mdl 8192]} (24... Bd5 $1 $11 {and Black stays safe.} 25. Rcc1 Nxe4) 25. Rac1 Nxe4 (25... Bd5 {was worth a try.}) 26. Bxe4 Bd5 27. Bxh7+ Kxh7 28. Ng5+ Kg8 {[#]} 29. Qd3 $1 {[%csl Gg5][%cal Rd3h7][%mdl 512]} g6 30. Rc7 Qd8 31. Qg3 Qf6 32. Qh4 {[%csl Gg5][%cal Rh4h7]} Qh8 33. Qg4 $2 (33. Qxh8+ Kxh8 34. Rxa7) 33... Qh5 $2 (33... Qf6 34. Qh4 Qh8 35. Qxh8+ Kxh8 36. Rxa7 Rd8) 34. Qf4 f6 (34... Qe2 $142 35. Qh4 Qh5 36. Qxh5 gxh5 37. Rxa7 Re5) 35. Nh7 {Precision: White = 63%, Black = 26%.} 1-0

[Event "Winter 2018 CCCSA-GM B"]
[Site "Charlotte"]
[Date "2018.01.13"]
[Round "5"]
[White "Khamrakulov, Djurabek"]
[Black "Tiglon, Bryce"]
[Result "1/2-1/2"]
[WhiteElo "2498"]
[BlackElo "2385"]
[Annotator "TA"]
[PlyCount "79"]
[EventDate "2018.01.11"]
[EventType "tourn"]
[EventCountry "USA"]
[SourceTitle "playchess.com"]
[Source "ChessBase"]
[SourceQuality "1"]

{[%evp 25,79,-8,0,0,0,0,0,0,0,-25,-29,-103,-110,-166,-166,-162,-157,-150,-154,-157,-112,-111,-109,-133,-128,-133,-133,-137,-120,-135,-97,-89,-79,-87,-31,-35,-32,-30,-42,-58,-50,-52,-52,-52,-62,-64,-60,-62,-60,-66,-58,-78,-64,-58,0,-54]} 1. e4 {[%cal Be2e4,Be4e5][%mdl 32]} c5 2. c3 Nf6 3. e5 Nd5 4. d4 cxd4 5. Nf3 Nc6 6. cxd4 d6 {[%cal Bd7d6,Bd6e5][%mdl 32]} 7. Bc4 dxe5 8. Bxd5 Qxd5 9. Nc3 Qd6 {B22: Sicilian: 2 c3} 10. d5 Nd4 11. Nxd4 exd4 12. Qxd4 e5 13. Qd3 Bd7 {LiveBook: 24 Games} (13... Be7 14. Nb5 Qb6 15. d6 Bd8 16. Be3 Qa5+ 17. Bd2 {½-½ (53) Kosteniuk,A (2557)-Muzychuk,A (2582) Huaian 2017}) 14. Qg3 f5 15. O-O Kf7 16. Re1 Re8 17. f4 {[%cal Rf4e5]} Qb6+ $146 18. Be3 {[#]} (18. Kh1 $11 e4 19. Be3) 18... exf4 $1 $17 ({Reject} 18... Qxb2 $6 19. fxe5 Qxc3 20. e6+ Bxe6 21. Rac1 $11 (21. dxe6+ Rxe6 22. Rac1 Qe5 $11)) 19. Qxf4 {[#]} (19. Bxb6 $17 fxg3 20. Bxa7) 19... Rxe3 $1 $19 {[%mdl 512]} 20. Rxe3 {Black must now prevent Ne4.} Bc5 21. Rae1 Re8 ({Not} 21... Qxb2 $2 22. Qc7 $18) 22. Nd1 Bxe3+ 23. Rxe3 Qc5 24. Qf2 Qxd5 25. Rxe8 Kxe8 ({Don't do} 25... Bxe8 26. Ne3 $15) 26. Nc3 Qe5 27. h3 b6 28. Qf3 Ke7 29. Qb7 f4 ({Black should play} 29... Qc5+ $17 30. Kh1 b5) 30. Kf1 $15 Qd4 31. Qxa7 Qd3+ 32. Ke1 Qg3+ 33. Kf1 f3 34. gxf3 $1 Qxf3+ 35. Ke1 Qe3+ 36. Kd1 Qg1+ 37. Kd2 Qg2+ 38. Kc1 Qf1+ 39. Kc2 Qg2+ 40. Kc1 $1 {Precision: White = 62%, Black = 66%.} 1/2-1/2

[Event "Winter 2018 CCCSA-GM B"]
[Site "Charlotte"]
[Date "2018.01.13"]
[Round "5"]
[White "Zierk, Steven"]
[Black "Kadric, Denis"]
[Result "0-1"]
[WhiteElo "2494"]
[BlackElo "2502"]
[Annotator "TA"]
[PlyCount "82"]
[EventDate "2018.01.11"]
[EventType "tourn"]
[EventCountry "USA"]
[SourceTitle "playchess.com"]
[Source "ChessBase"]
[SourceQuality "1"]

{[%evp 21,82,27,35,24,22,16,26,11,10,5,13,20,40,-25,-8,-101,-83,-179,-184,-183,-182,-175,-11,-61,-64,-64,-64,-54,-54,-62,-64,-75,-75,-85,-80,-81,-84,-177,-177,-210,-213,-203,-198,-266,-259,-276,-245,-308,-270,-401,-414,-394,-393,-396,-406,-401,-385,-540,-402,-809,-820,-1110,-1108]} 1. e4 d6 2. d4 Nf6 3. Nc3 e5 4. Nf3 Nbd7 5. Bc4 Be7 6. O-O O-O 7. Re1 c6 8. a4 exd4 {C41: Philidor Defence} (8... a5 9. h3 Re8 10. Ba2 Bf8 11. Be3 Qc7 12. Ng5 Re7 13. f4 b6 14. fxe5 dxe5 15. d5 cxd5 16. exd5 {1-0 (16) Wang,H (2709)-Ivanchuk,V (2726) Huaian 2017}) 9. Nxd4 Ne5 10. Ba2 Re8 11. h3 Ng6 {LiveBook: 6 Games} 12. Qf3 $146 ({Predecessor:} 12. a5 Bd7 13. f4 b5 14. Qd3 Bf8 15. Bd2 a6 16. Nf3 Be6 17. Bxe6 fxe6 18. b4 {½-½ (18) Djordjevic,V (2346)-Rabrenovic,V (2337) Banja Vrujci 2017}) 12... Qa5 13. Bd2 Qe5 14. Qe3 Bd8 15. Nf3 Qh5 16. Qd3 Bc7 17. Bg5 ({White should play} 17. Ne2 $14) 17... Nd7 18. Qe2 (18. Qd1 $11) 18... d5 $1 $17 19. Qd1 (19. Bd2 $17 {is a better defense.}) 19... Nde5 $1 $19 20. Nxe5 ({Reject} 20. exd5 Bg4 $1 $19 {[%mdl 512]}) 20... Qxg5 21. Nf3 Qf4 $2 (21... Qh6 $1 $19 {aiming for ...Bxh3!} 22. exd5 Bxh3 $1 {[%mdl 512]}) 22. exd5 Bxh3 $1 23. Qd4 {[#] Strongly threatening Qxf4.} ({Much weaker is} 23. Rxe8+ Rxe8 24. Qd4 Bxg2 $17) 23... Bxg2 $1 {[%mdl 512]} 24. Kxg2 {[#] Hoping for Qxf4.} Nh4+ $1 $40 {[%mdl 640] Black mounts an attack.} 25. Kf1 (25. Nxh4 Qh2+) 25... Nxf3 26. Qxf4 Bxf4 27. Rxe8+ Rxe8 28. dxc6 bxc6 29. Rd1 {[#]} (29. Kg2 $17 Nd2 30. Rd1) 29... g5 $1 30. Ne2 Nh2+ 31. Ke1 {[#]} Re7 $1 32. Rd8+ (32. Bb1 $142) 32... Kg7 33. Kd1 Be5 34. b4 h5 35. b5 (35. Rd3 $142) 35... cxb5 36. axb5 Ng4 37. f3 Ne3+ 38. Kd2 Bc7 39. Ra8 (39. Rd3 $142 Nxc2 40. Kxc2 Rxe2+ 41. Rd2) 39... Nf1+ 40. Kd1 (40. Ke1 $142 Ng3 41. Rxa7 Rxe2+ 42. Kd1) 40... Bb6 41. Nc3 h4 {Precision: White = 20%, Black = 69%.} 0-1

[Event "Winter 2018 CCCSA-GM B"]
[Site "Charlotte"]
[Date "2018.01.13"]
[Round "5"]
[White "Zapata, Alonso"]
[Black "Gauri, Shankar"]
[Result "1/2-1/2"]
[WhiteElo "2422"]
[BlackElo "2345"]
[Annotator "TA"]
[PlyCount "49"]
[EventDate "2018.01.11"]
[EventType "tourn"]
[EventCountry "USA"]
[SourceTitle "playchess.com"]
[Source "ChessBase"]
[SourceQuality "1"]

{[%evp 24,49,9,-1,5,10,109,-25,0,-48,-62,-55,-55,-46,-29,-66,-70,-67,-61,-80,-79,-86,-44,-40,-29,-52,-35,-59]} 1. e4 c6 2. d4 d5 3. Nc3 dxe4 4. Nxe4 Bf5 5. Ng3 Bg6 6. h4 h6 7. Nf3 Nd7 8. h5 Bh7 9. Bd3 Bxd3 10. Qxd3 e6 11. Bd2 Ngf6 12. O-O-O Be7 13. Kb1 Qb6 {B19: Classical Caro-Kann: 4...Bf5 main line} (13... O-O 14. Ne4 c5 15. g4 Nxg4 16. Qe2 Qb6 17. Ne5 Ndxe5 18. dxe5 f5 19. exf6 Nxf6 20. Nc3 Rad8 21. Rhg1 Kh8 22. Rg6 {½-½ (38) Saric,I (2662)-Nisipeanu,L (2672) Heraklio 2017}) 14. Ne4 O-O (14... Rd8 $11 {remains equal.}) 15. c4 (15. g4 $16) 15... Rad8 {Black has an edge.} 16. Nc3 c5 $146 ({Predecessor:} 16... Qa6 17. Qe2 Nb6 18. b3 Bb4 19. Ne4 Nxe4 20. Qxe4 Bxd2 21. Rxd2 Nxc4 22. bxc4 Qxc4 {1-0 (53) Dorst,J (2215)-Eck,M (2080) Fuerth 2016}) 17. Be3 cxd4 18. Bxd4 Qa5 19. Qc2 a6 20. Ne4 Qc7 21. Nxf6+ Bxf6 22. Be3 Ne5 23. Nxe5 {[#] Hoping for Nf3.} Qxe5 24. g4 Rc8 {And now ...Rxc4! would win.} 25. Rd2 {Precision: White = 37%, Black = 38%.} 1/2-1/2

[Event "Winter 2018 CCCSA-GM B"]
[Site "Charlotte"]
[Date "2018.01.13"]
[Round "5"]
[White "Jacobson, Brandon"]
[Black "Burke, John M"]
[Result "1/2-1/2"]
[WhiteElo "2376"]
[BlackElo "2514"]
[Annotator "TA"]
[PlyCount "66"]
[EventDate "2018.01.11"]
[EventType "tourn"]
[EventCountry "USA"]
[SourceTitle "playchess.com"]
[Source "ChessBase"]
[SourceQuality "1"]

{[%evp 12,66,7,13,41,36,32,33,36,33,30,19,29,27,18,37,57,36,37,17,14,12,20,31,29,22,22,22,20,10,6,0,0,0,0,0,0,0,0,0,0,0,0,0,0,0,0,0,0,0,0,0,0,0,0,-93,0]} 1. d4 Nf6 2. Nf3 g6 3. e3 Bg7 4. Be2 O-O 5. O-O d5 6. b4 {D04: Colle System} (6. Nbd2 c5 7. dxc5 Nbd7 8. Nb3 Qc7 9. Qd4 e5 10. Qh4 Ne4 11. c4 Bf6 12. Qh6 dxc4 13. Bxc4 Ndxc5 14. Nxc5 Qxc5 {1-0 (43) Kramnik,V (2809)-Hou,Y (2651) Medias 2016}) 6... a5 7. b5 {LiveBook: 3 Games} Nbd7 8. Nbd2 {White is slightly better.} c5 9. bxc6 bxc6 10. c4 c5 11. Bb2 Bb7 $146 ({Predecessor:} 11... Ba6 12. Rc1 Qb6 13. Ba1 {0-1 (29) Denoth,M (2150)-Rueetschi,U (2266) Switzerland 2003}) 12. Rc1 Rc8 13. Qa4 cxd4 14. Bxd4 Ne4 15. cxd5 (15. Bxg7 {feels hotter.} Kxg7 16. Qa3 e5 17. Rfd1 Qc7 18. Qb2) 15... Nxd2 16. Nxd2 {Hoping for Bxg7.} Rxc1 17. Rxc1 {Strongly threatening Bxg7.} Bxd5 18. Bxg7 (18. Qb5 {with more complications.} Bxd4 19. Qxd5 Bg7 20. Qb5 e6 21. Nb3) 18... Kxg7 19. Nb3 Bxb3 20. axb3 {[#] Threatens to win with Rd1.} Nf6 $1 21. Ra1 Qd2 22. Qa2 Qxa2 23. Rxa2 $11 {[%mdl 4096] Endgame KRB-KRN} Rc8 24. Rxa5 Rc1+ 25. Bf1 Rb1 26. Re5 e6 27. h3 Rxb3 28. Rb5 Rc3 29. g4 Rc2 30. Bg2 h6 31. Rb7 Rd2 32. Bc6 Rd6 33. Rc7 {[#]} (33. Bf3 $11 {remains equal.}) 33... Nd5 {Precision: White = 77%, Black = 79%.} (33... Rd1+ $1 $17 34. Kg2 Rc1) 1/2-1/2

[Event "Winter 2018 CCCSA-GM B"]
[Site "Charlotte"]
[Date "2018.01.14"]
[Round "6.1"]
[White "Tiglon, Bryce"]
[Black "Kadric, Denis"]
[Result "1/2-1/2"]
[WhiteElo "2385"]
[BlackElo "2502"]
[Annotator "TA"]
[PlyCount "28"]
[EventDate "2018.01.11"]
[EventType "tourn"]
[EventCountry "USA"]
[SourceTitle "playchess.com"]
[Source "ChessBase"]
[SourceQuality "1"]

{[%evp 18,28,58,58,57,50,67,68,70,64,71,71,84]} 1. e4 d6 2. d4 Nf6 3. Nc3 e5 4. dxe5 dxe5 5. Qxd8+ Kxd8 6. Bc4 Be6 7. Bxe6 fxe6 8. f3 Bc5 9. Na4 Bd6 {B07: Pirc-Ufimzew-Verteidigung} 10. Be3 {LiveBook: 14 Partien} b6 11. Nh3 Ke7 12. Nf2 h6 $146 ({Vorgänger:} 12... c5 13. b3 Nc6 14. Nd3 Nb4 15. Kd2 h6 16. Nab2 Nc6 17. Nc4 {1-0 (59) Gomez Esteban,J (2495)-Zvjaginsev,V (2590) Terrassa 1996}) 13. Ke2 Nc6 14. c3 Rhg8 1/2-1/2

[Event "Winter 2018 CCCSA-GM B"]
[Site "Charlotte"]
[Date "2018.01.14"]
[Round "6.2"]
[White "Ostrovskiy, Aleksandr"]
[Black "Zierk, Steven"]
[Result "1-0"]
[WhiteElo "2391"]
[BlackElo "2494"]
[Annotator "TA"]
[PlyCount "73"]
[EventDate "2018.01.11"]
[EventType "tourn"]
[EventCountry "USA"]
[SourceTitle "playchess.com"]
[Source "ChessBase"]
[SourceQuality "1"]

{[%evp 26,73,35,27,89,88,108,74,98,83,111,100,122,120,106,116,170,175,177,179,243,239,284,287,282,290,275,202,197,193,224,217,265,217,212,212,242,222,352,347,495,465,500,481,472,494,490,480,475,456]} 1. c4 Nf6 2. Nc3 e5 3. Nf3 Nc6 4. e3 Bb4 5. Qc2 O-O 6. Nd5 Re8 7. Qf5 d6 8. Nxf6+ Qxf6 9. Qxf6 gxf6 10. a3 Bc5 11. b4 Bb6 {A28: English Opening: Four Knights Variation} 12. Bb2 a5 13. b5 Ne7 14. d4 {LiveBook: 14 Games} c5 (14... Ng6 $11) (14... Ng6 15. a4 Bg4 16. O-O-O exd4 17. Bxd4 Bxd4 18. Rxd4 Bxf3 19. gxf3 {1-0 (34) Grischuk,A (2785)-Giri,A (2737) Elancourt 2013}) 15. dxe5 $16 dxe5 $146 {[#]} ({Predecessor:} 15... fxe5) 16. g4 $1 {[%mdl 512]} Ng6 {[#]} (16... Bxg4 $2 17. Rg1 $18) 17. Rg1 $1 Bc7 18. Nd2 f5 19. gxf5 Bxf5 20. Rg5 Bc8 (20... Be6 $16) 21. Ne4 $18 Bd8 22. Rg1 b6 (22... a4 $142 23. Bc3 (23. Nxc5 Be7 $18) 23... Bh4 24. Nxc5 f5) 23. Nd6 Re7 24. Bg2 Rb8 25. Nxc8 Rxc8 26. Ke2 Kf8 27. Be4 Re8 28. Rad1 Rb8 29. Rd7 Bf6 30. Rgd1 Re6 31. a4 Kg7 (31... Bh4 {keeps fighting.} 32. Bc3 Re7) 32. R1d6 {Rxe6 is the strong threat.} Rbe8 (32... Nf8 $142 33. Rxe6 Nxd7) 33. Rxe6 {White is clearly winning.} Rxe6 34. Bd5 Re7 35. Rd6 Nf4+ 36. Kd2 ({Weaker is} 36. exf4 exf4+ 37. Kf3 Bxb2 $18) 36... Nxd5 37. cxd5 {Precision: White = 98%, Black = 28%.} ({Not} 37. Rxd5 Re6 $11) 1-0